📖✒ "Familiale" Prévert - Statistiques

Statistiques générales
  • Ce quiz a Ă©tĂ© pris 23 fois
  • Le rĂ©sultat moyen est 122 sur 171
Statistiques - réponses
Mots % Correct
est-
100%
est
100%
La
100%
la
100%
Le
100%
le
100%
ce
88%
des
88%
Elle
88%
elle
88%
Et
88%
et
88%
il
88%
Il
88%
les
88%
Les
88%
mère
88%
père
88%
père ?
88%
Sa
88%
sa
88%
avec
75%
fils
75%
fils ?
75%
ne
75%
qu'
75%
Qu'
75%
du
63%
fait
63%
guerre
63%
Lui
63%
lui
63%
plus
63%
Son
63%
son
63%
vie
63%
affaires
50%
au
50%
ça
50%
femme
50%
tricot
50%
aura
38%
cimetière
38%
cimetière.
38%
continue
38%
fera
38%
fini
38%
Quand
38%
rien
38%
tricote
38%
tué
38%
naturel
25%
tout
25%
trouve
25%
vont
25%
absolument
13%
Ils
13%
trouvent
13%
Aucun quiz correspondant
Distribution des résultats
% des personnes avec chaque résultat
Percentile par nombre de réponses
Votre historique - résultats
Vous n’avez pas pris ce quiz